| 000 | 00594nam a22001817a 4500 | ||
|---|---|---|---|
| 999 |
_c60673 _d60673 |
||
| 005 | 20231005161704.0 | ||
| 008 | 231005s1991 enk||||| |||| 00| 0 eng d | ||
| 020 | _a0881681881 | ||
| 041 | _aeng | ||
| 080 | _a069 R-95 | ||
| 100 |
_a Ruseva-Slokoska, Ljudmila _920005 |
||
| 245 |
_aRoman jewellery: _bA collection of the National Archaeological Museum, Sofia / _c Ljudmila Ruseva-Slokoska. |
||
| 264 |
_aLondon, _c1991. |
||
| 300 |
_a218 p. : _bill.; _c30 cm. |
||
| 653 | _aრომაული სამკაულები | ||
| 653 | _aარქეოლოგია | ||
| 942 |
_2udc _cBK |
||